000 00760nam a2200217 a 4500
003 DLC
005 20250822090623.0
008 250822c1990 mx|qr|p|r|||| 00| 0 spa d
035 _aUPN01000059764
040 _aMX-MxUPN
_bspa
_cMX-MxUPN
_eaacr2
245 1 0 _aColegios y profesiones
260 _aDistrito Federal, México :
_bSecretaría de Educación Pública. Dirección General de Profesiones,
_c1990?
310 _aTrimestral
520 1 _aEs una publicación de divulgación de la Dirección General de Profesiones de la Secretaría de Educación Pública.
650 4 _aEducación superior
_932
650 7 _aEducación media superior
_92253
653 _aDivulgación
902 _aGloria Jiménez/2208254
905 _aRevista
942 _cREV-I
999 _c59672
_d59672